000 01106cam a22003377a 4500
005 20230601093734.0
008 120803s2012 njua 001 0 eng d
010 _a 2012946063
015 _aGBB231413
_2bnb
016 7 _a016057807
_2Uk
020 _a9781118252918 (pbk.)
020 _a1118252918 (pbk.)
035 _a(OCoLC)ocn782994254
040 _aUKMGB
_cUKMGB
_dBTCTA
_dBDX
_dOCLCO
_dGK8
_dSINLB
_dYDXCP
_dDCB
_dBWX
_dILC
_dCGL
_dDLC
042 _alccopycat
082 0 4 _a004.16
_223
_bGUN-L
100 1 _aGunter, Sherry Kinkoph.
245 1 0 _aLaptops /
_cSherry Kinkoph Gunter.
250 _a2nd ed.
260 _aHoboken, N.J. :
_bWiley,
_cc2012.
300 _a326 p. :
_bcol. ill. ;
_c24 cm.
490 1 _aTeach yourself visually
500 _aPrevious ed.: published as by Nancy Muir. 2008.
500 _aIncludes index.
650 0 _aLaptop computers.
700 1 _aMuir, Nancy,
_d1954-
906 _a7
_bcbc
_ccopycat
_d2
_encip
_f20
_gy-gencatlg
999 _c18553
_d18553